000 00551nab a2200193 a 4500
001 57928
003 129285
005 20201118103353.0
008 ||||||n9999 ||| || ||
041 _aspa
245 0 _aTasa de cambio real y ajuste del sector externo
260 _aBogotá :
_bDepartamento Nacional de Planeación-DNP,
_c1996.
300 _app.141-163
562 _e0
650 _aANÁLISIS ECONÓMICO
650 _aMODELOS ECONÓMICOS
773 _056256
_aPlaneación & Desarrollo - Vol.27 No.1 (ene.-mar.1996)
942 _cSART
999 _c57928
_d57928